| 000 | 00513cam a22002171 4500 | ||
|---|---|---|---|
| 001 | sa 65007550 | ||
| 003 | DLC | ||
| 005 | 20260227112149.0 | ||
| 008 | 890714s1965 ii a 000 1 beno | ||
| 010 | _asa 65007550 | ||
| 035 | _a(OCoLC)20011187 | ||
| 040 |
_aDLC _cWaU _dDLC |
||
| 042 | _apremarc | ||
| 050 | 0 | 0 |
_aPK1718.M5 _bD7 |
| 100 | 1 | _aMitra, Premendra. | |
| 245 | 1 | 0 | _aDryāganera niḥśvāsa. |
| 260 | _c[1965] | ||
| 300 |
_a62 p. _billus. _c20 cm. |
||
| 500 | _aIn Bengali. | ||
| 500 | _aA novel. | ||
| 999 |
_c65201 _d65201 |
||